Koreana : Korean Art and Culture/
Saved in:
| Corporate Author: | |
|---|---|
| Format: | Journal |
| Language: | English |
| Published: |
Seoul:
The Korean Foundation,
|
| Tags: |
Add Tag
No Tags, Be the first to tag this record!
|
| Institutions: | Thư viện Trường Đại học Đà Lạt |
|---|
| LEADER | 00592nam a2200229 4500 | ||
|---|---|---|---|
| 001 | DLU090065080 | ||
| 040 | # | # | |a DLU |b eng |
| 041 | # | # | |a eng |
| 245 | # | # | |a Koreana : |b Korean Art and Culture/ |b The Korea Foundation |
| 246 | # | # | |a Koreana : |b Korean Art & Culture/ |b The Korea Foundation |
| 260 | # | # | |a Seoul: |b The Korean Foundation, |
| 300 | # | # | |a tr.; |c 25cm |
| 310 | # | # | |a Quarterly |
| 710 | # | # | |a The Korea Foundation |
| 994 | # | # | |a DLU |
| 900 | # | # | |a True |
| 911 | # | # | |a Nguyễn Thị Minh Cầm |
| 925 | # | # | |a G |
| 926 | # | # | |a A |
| 927 | # | # | |a TT |
| 980 | # | # | |a Thư viện Trường Đại học Đà Lạt |